| 000 | 02052nam a2200361 i 4500 | ||
|---|---|---|---|
| 001 | 768714001 | ||
| 003 | CO-MdFUSB | ||
| 005 | 20260422154855.0 | ||
| 007 | ta | ||
| 008 | 241120t ck ||||| |||| 001 0 spa d | ||
| 020 | _a958-95462-5-0 | ||
| 040 |
_bspa. _aCO-MdFUSB _cCO-MdFUSB _dCO-MdFUSBC _erda |
||
| 041 |
_aspa _heng |
||
| 082 |
_223 _a248.4 _bM393 |
||
| 100 |
_aMarzullo, Frank _eautor |
||
| 245 | 3 |
_aLa plenitud de una vida abundante _c/ Frank Marzullo ; traducido por Pablo Barreto |
|
| 264 | 0 |
_aBogotá, Colombia : _bDesafío, _c[Fecha de publicación no identificada] |
|
| 300 |
_a167 páginas _c; 21 cm |
||
| 336 |
_2rdacontent _atexto _btxt |
||
| 337 |
_2rdamedia _asin mediación _bn |
||
| 338 |
_2rdacarrier _avolumen _bnc |
||
| 500 | _aIncluye índice | ||
| 505 | _aEl poder en la palabra hablada. -- Dios el Creador. -- ¿El hombre creador? -- Darás cuenta de lo que estás creando. -- Profecía creativa. -- Bendiciones y maldiciones. -- Nuestras palabras destruyen las obras del diablo. -- Habla a esos montes. -- ¡Habla vida! -- Oración de atar y desatar. -- Morir al yo. -- El poder en la sangre de Jesús. -- La batalla por tu mente. -- Sanidad para el corazón quebrantado y el espíritu herido. -- "La sanidad del espíritu herido". -- Cómo orar por sanidad. -- Pasos en la oración de sanidad. -- Por qué algunas oraciones de sanidad no tienen respuesta. -- Algunas palabras finales. -- Falta de perdón, obstáculo para la sanidad. -- Perdón: necesario para la sanidad. -- No hay limitaciones para el perdón. -- Cuando una persona rehúsa perdonar. -- Restauración. -- Obstáculos para la sanidad. -- Sanidades y milagros después de perdonar. -- Palabras finales. -- ¿Puede un demonio poseer a un cristiano? | ||
| 563 | _aRústico | ||
| 650 | 0 |
_aVida cristiana _919 |
|
| 653 | _aSanidad interior | ||
| 653 | _aOración cristiana | ||
| 653 | _aLiberación espiritual | ||
| 653 | _aFe (Cristianismo) | ||
| 700 |
_aBarreto, Pablo _98444 _etraductor |
||
| 942 | _cBK | ||
| 945 | _aCatherine Arias Alvarez | ||
| 999 |
_c71247 _d71247 |
||